000 00354nam a2200145Ia 4500
008 150201s1999 xx 000 0 und d
082 _a612.015
_bB1999S
100 _aSHARMA ,D.C.
245 _aTEXT BOOK OF BIOCHEMISTRY
250 _a1ST
260 _bPARAS PUBLISHING
_aHYDERABAD
_c1999
300 _a1-413
650 _aBIOCHEMISTRY
942 _2ddc
_cBK
999 _c2539
_d2539